000 00630nam a2200265Ia 4500
005 20260121170029.0
008 008 260114s9999 xx 000 0 eng d
020 _a9783319426730
037 _aEBOOK
040 _aCRL
040 _beng
040 _cCRL
041 _2eng
041 _aeng
084 _qCRL
100 _aJames Dennison
_91058945
245 4 _aThe Greens in British Politics
260 _bSpringer
260 _bSpringer
260 _c2017
856 _uhttps://link.springer.com/openurl?genre=book&isbn=978-3-319-42673-0
942 _cEBOOK
999 _c1624674
_d1624674